[Event "ROM-ch U08"]
[Site "Calimanesti Caciulata"]
[Date "2019.04.19"]
[Round "6"]
[White "Micu, Stefan"]
[Black "Negrean, Andrei"]
[Result "0-1"]
[WhiteElo "1063"]
[BlackElo "1166"]
[PlyCount "78"]
[EventDate "2019.04.15"]
[EventType "swiss"]
[EventRounds "9"]
[EventCountry "ROU"]
[SourceTitle "CBM 190 Extra"]
[Source "ChessBase"]
[SourceDate "2019.07.15"]
[SourceVersion "1"]
[SourceVersionDate "2019.07.15"]
[SourceQuality "1"]

1. c4 f5 2. Nc3 Nf6 3. Nf3 e6 4. d4 d5 5. Bg5 c6 6. e3 Bd6 7. c5 Bc7 8. a3 0-0 9. Bd3 Nbd7 10. 0-0 Qe8 11. Bxf6 Rxf6 12. Nd2 Rh6 13. f4 Qe7 14. Qf3 Nf6 15. h3 Ne4 16. Bxe4 fxe4 17. Qg3 Rg6 18. Qh2 Bd7 19. Rf2 Rf8 20. Raf1 Rf5 21. g3 Rh5 22. Rg2 e5 23. h4 exf4 24. exf4 Qd8 25. Nb3 Qc8 26. Re1 Bg4 27. Nd2 Bh3 28. Rge2 Rxh4 29. Kf2 Rh5 30. Re3 b6 31. cxb6 Bxb6 32. Nb3 Bg4 33. Qg1 Rgh6 34. R3e2 Bxe2 35. Kxe2 Rh2+ 36. Kd1 Rxb2 37. Nd2 Ba5 38. Ncb1 Qb8 39. Re2 Rxb1+ 0-1

[Event "ROM-ch U08"]
[Site "Calimanesti Caciulata"]
[Date "2019.04.17"]
[Round "3"]
[White "Muresan, Marian Gabriel"]
[Black "Micu, Stefan"]
[Result "1/2-1/2"]
[WhiteElo "1330"]
[BlackElo "1063"]
[PlyCount "177"]
[EventDate "2019.04.15"]
[EventType "swiss"]
[EventRounds "9"]
[EventCountry "ROU"]
[SourceTitle "CBM 190 Extra"]
[Source "ChessBase"]
[SourceDate "2019.07.15"]
[SourceVersion "1"]
[SourceVersionDate "2019.07.15"]
[SourceQuality "1"]

1. e4 c5 2. b3 e5 3. Bb2 Nc6 4. Bb5 d6 5. Bxc6+ bxc6 6. Nf3 Nf6 7. d3 Be7 8. 0-0 0-0 9. Nbd2 Bg4 10. c3 Qd7 11. d4 Bxf3 12. Qxf3 Qg4 13. Qxg4 Nxg4 14. dxc5 dxc5 15. Nf3 f6 16. Rfd1 Rfd8 17. c4 Kf8 18. Ba3 Ke8 19. Kf1 g6 20. Ke2 Rxd1 21. Rxd1 Rd8 22. Rxd8+ Kxd8 23. h3 Nh6 24. g4 Kd7 25. Bc1 Nf7 26. Be3 Ke6 27. Nd2 g5 28. Nb1 Nd8 29. Nc3 Nb7 30. Na4 h6 31. f3 Bd6 32. Kd3 Be7 33. Kc3 Bd6 34. a3 a5 35. Nb6 Ke7 36. Nc8+ Kd7 37. Nxd6 Kxd6 38. b4 axb4+ 39. axb4 cxb4+ 40. Kxb4 Kc7 41. Bf2 Kd6 42. Bb6 Kd7 43. Bf2 Kd6 44. h4 Kc7 45. h5 Kd6 46. Bg1 Kc7 47. Bc5 Nd6 48. Kc3 Kd7 49. Kb4 Kc7 50. Kb3 Kd7 51. Bb4 Kc7 52. Ba5+ Kd7 53. Bb4 Kc7 54. Ba5+ Kd7 55. Kb4 Nb7 56. Bb6 Kd6 57. c5+ Ke6 58. Kc4 Kd7 59. Kb4 Kc8 60. Ka4 Kd7 61. Kb4 Ke6 62. Kc4 Kd7 63. Kb4 Ke6 64. Kc4 Kd7 65. Kb4 Kc8 66. Ka4 Kd7 67. Kb4 Ke6 68. Kc4 Kd7 69. Kb4 Ke6 70. Ka4 Kd7 71. Kb4 Kc8 72. Ka4 Kd7 73. Kb4 Ke6 74. Ba7 Kd7 75. Bb8 Ke6 76. Kc4 Kd7 77. Kb4 Ke6 78. Bc7 Kd7 79. Bb8 Ke6 80. Kc4 Kd7 81. Kb4 Kc8 82. Bd6 Nxd6 83. cxd6 Kd8 84. Kc4 Kc8 85. Kb4 Kd8 86. Kc4 Kc8 87. Kb4 Kd8 88. Kc4 Kc8 89. Kb4 1/2-1/2

[Event "ROM-ch U08"]
[Site "Calimanesti"]
[Date "2018.04.01"]
[Round "7"]
[White "Mihaescu Duta, Tudor Mihai"]
[Black "Micu, Stefan"]
[Result "1/2-1/2"]
[WhiteElo "1111"]
[BlackElo "1009"]
[PlyCount "83"]
[EventDate "2018.03.27"]
[EventType "swiss"]
[EventRounds "9"]
[EventCountry "ROU"]
[SourceTitle "CBM 183 Extra"]
[Source "ChessBase"]
[SourceDate "2018.04.19"]
[SourceVersion "1"]
[SourceVersionDate "2018.04.19"]
[SourceQuality "1"]

1. e4 e5 2. Nf3 Nc6 3. Nc3 Bc5 4. Bc4 Nf6 5. h3 0-0 6. 0-0 h6 7. d3 d6 8. Qe2 Qe7 9. Bd2 Bd7 10. a3 a6 11. Nd5 Qd8 12. Rac1 Nd4 13. Nxd4 Bxd4 14. Ba5 b6 15. Bc3 Bxc3 16. bxc3 b5 17. Nxf6+ Qxf6 18. Ba2 Be6 19. Ra1 Rfe8 20. Bxe6 Rxe6 21. Qe3 c5 22. f4 exf4 23. Qxf4 Kh7 24. Qxf6 Rxf6 25. Rxf6 gxf6 26. Rf1 Kg6 27. Kf2 a5 28. Rb1 Rb8 29. Rb2 b4 30. cxb4 axb4 31. axb4 Rxb4 32. Rxb4 cxb4 33. Kg3 f5 34. exf5+ Kxf5 35. Kf3 Ke5 36. Ke3 Kd5 37. g3 f6 38. g4 Ke5 39. h4 Kd5 40. h5 Ke5 41. d4+ Kd5 42. Kd3 1/2-1/2

[Event "ROM-ch U08"]
[Site "Calimanesti"]
[Date "2018.03.31"]
[Round "6"]
[White "Micu, Stefan"]
[Black "Constantin Ciuntu, Darius Mihai"]
[Result "1-0"]
[WhiteElo "1009"]
[BlackElo "1001"]
[PlyCount "67"]
[EventDate "2018.03.27"]
[EventType "swiss"]
[EventRounds "9"]
[EventCountry "ROU"]
[SourceTitle "CBM 183 Extra"]
[Source "ChessBase"]
[SourceDate "2018.04.19"]
[SourceVersion "1"]
[SourceVersionDate "2018.04.19"]
[SourceQuality "1"]

1. e4 d5 2. exd5 Qxd5 3. Nc3 Qa5 4. Bc4 Nf6 5. Nf3 Bg4 6. Be2 e6 7. d3 c6 8. Bd2 Bd6 9. Ne4 Qb6 10. Nxd6+ Ke7 11. Nc4 Qc7 12. Nd4 Bf5 13. Nxf5+ exf5 14. Bf3 Nbd7 15. Qe2+ Kf8 16. 0-0 Re8 17. Qd1 Re7 18. Re1 Ke8 19. Re2 Kd8 20. Qe1 Rhe8 21. Rxe7 Rxe7 22. Qd1 b5 23. Na3 Qe5 24. Bc3 Qd6 25. Qd2 Nd5 26. Bxg7 Nf4 27. Bc3 b4 28. Bxb4 Qf6 29. Bxe7+ Qxe7 30. Qxf4 Qf6 31. c3 Ne5 32. Be2 Kc7 33. d4 Kb7 34. dxe5 1-0

[Event "ROM-ch U08"]
[Site "Calimanesti"]
[Date "2018.03.29"]
[Round "4"]
[White "Micu, Stefan"]
[Black "Sachilaru, Stefan"]
[Result "1-0"]
[WhiteElo "1009"]
[BlackElo "1001"]
[PlyCount "27"]
[EventDate "2018.03.27"]
[EventType "swiss"]
[EventRounds "9"]
[EventCountry "ROU"]
[SourceTitle "CBM 183 Extra"]
[Source "ChessBase"]
[SourceDate "2018.04.19"]
[SourceVersion "1"]
[SourceVersionDate "2018.04.19"]
[SourceQuality "1"]

1. e4 e5 2. Nf3 Nc6 3. Bc4 Bc5 4. d3 Nf6 5. Bg5 0-0 6. Nc3 Bb6 7. Nd5 Bc5 8. Bxf6 gxf6 9. Qd2 Nd4 10. Nxd4 Bxd4 11. Qh6 Bxb2 12. Rb1 Bd4 13. Nxf6+ Kh8 14. Qxh7# 1-0